01257 a2200181 4500003000500000005001700005010001300022040000900035082001700044100002100061245008600082250001100168260002600179300003000205505077000235600002101005650004901026Nust20230404115104.0 a59009339 cNust a629.8323,CHE aChestnut, Harold aServomechanisms and regulating system design /cHarold Chestnut & Robert W. Mayer a2nd ed aWileybNew Yorkc1959 axvii, 680 pbillusc24 cm aThe Automatic Control Problems (Page-1), Manipulation Of Complex Numbers (Page-20), Solution Of Linear Differential Equations(Page-33), Laplace Transforms Of The Solutions (Page-70), Steady-State Operation (Page-103), Methods Of Determining Systems (Page-128),Typical Control Elements And Their Transfer (Page-179),Types Of Servomechanism And Control Systems (Page-218), Complex Plane Representation Of Feedback (Page-246), Design Use Of Complex Plane (Page-270), Attenuation Concepts For Use In Feedback (Page-316), Application Of Attenuation Phase (Page-352), Application Of Root Locus To Feedback (Page-383), Multiple Loop And Multiple Input Feedback (Page-477), Comparison Of Steady State And Transient (Page-487), Fundamentals Of Analog Computers (Page-540). aChestnut, Harold aServomechanisms and regulating system design